Normal view
MARC view
Entry Topical Term
001 - CONTROL NUMBER
- control field: 13374
003 - CONTROL NUMBER IDENTIFIER
- control field: HDC
005 - DATE AND TIME OF LATEST TRANSACTION
- control field: 20230624073415.0
008 - FIXED-LENGTH DATA ELEMENTS
- fixed length control field: 210210|| aca||aabn | a|a d
040 ## - CATALOGING SOURCE
- Original cataloging agency: HDC
- Transcribing agency: HDC
150 ## - HEADING--TOPICAL TERM
- Topical term or geographic name entry element: Starch varieties
670 ## - SOURCE DATA FOUND
- Source citation: Work cat.: (HDC): Tan, Swee Lian, author 12617, Two new cassava starch clones, Rayong 90 and OMR 36-05-24 /, 2001
